| 000 | 00516nam a2200181Ia 4500 | ||
|---|---|---|---|
| 005 | 20250508150434.0 | ||
| 008 | 008 250505s9999 xx 000 0 eng d | ||
| 037 | _aTextual | ||
| 040 |
_aFEDL _beng _cFEDL |
||
| 041 |
_aeng _2eng |
||
| 084 |
_a428.3, VIZ _qFEDL |
||
| 100 |
_aVizetelly Frank H _9756699 |
||
| 245 | 0 | _aDesk-book of errors in english | |
| 260 |
_aNew York, USA _bGrosset and Dunlap, Publishers _c1920 |
||
| 300 | _axi,232p | ||
| 942 |
_cTEXL _h428.3, VIZ |
||
| 999 |
_c1323659 _d1323659 |
||